000 00941nam a2200241Ia 4500
003 GCL
008 140319s9999 xx 000 0 ara d
040 _aGCL /
_cGCL
082 0 4 _a956.904
_bو ق
100 1 _aوجدى عبدالفتاح سواحل
245 1 0 _aالقنابل الاستشهادية :
_bتوازن ردع و بشائر نصر /
_cوجدى عبدالفتاح سواحل
250 _aالاولى
260 _aالقاهرة :
_bمركز الاعلام العربى ،
_c2003
300 _a206 ص ؛
_c24 سم
490 _aكتاب القدس
_v18
650 0 4 _aالنزاع العربى الاسرائيلى
650 0 4 _aالجهاد فى الاسلام
650 0 4 _aالانتفاضة الفلسطينية
650 0 4 _aالشهداء - فلسطين - تاريخ
650 0 4 _aفلسطين - الاضطرابات السياسية
650 0 4 _aالمعتقلون الفلسطينيون
942 _2ddc
_cBK
999 _c8882
_d8882